A century of Rochdale co-operation, 1844-1944: (Record no. 4326)
[ view plain ]
| 000 -LEADER | |
|---|---|
| fixed length control field | 00839cam a22002651 4500 |
| 001 - CONTROL NUMBER | |
| control field | 4326 |
| 003 - CONTROL NUMBER IDENTIFIER | |
| rucl marc code | BD-RjUL |
| 005 - DATE AND TIME OF LATEST TRANSACTION | |
| control field | 20211208233855.0 |
| 008 - FIXED-LENGTH DATA ELEMENTS--GENERAL INFORMATION | |
| fixed length control field | 131222s1944 enk b 000 0 eng d |
| 035 ## - SYSTEM CONTROL NUMBER | |
| System control number | (BD-RjUL) 4361 |
| System control number | (OCoLC)4154746 |
| 040 ## - CATALOGING SOURCE | |
| Original cataloging agency | DLC |
| Transcribing agency | NNR |
| Modifying agency | DLC |
| -- | BD-RjUL |
| Language of cataloging | eng |
| 041 ## - LANGUAGE CODE | |
| Language code of text/sound track or separate title | eng |
| 082 ## - DEWEY DECIMAL CLASSIFICATION NUMBER | |
| Classification number | 334 |
| Author mark and year | REC 1944 |
| 100 1# - MAIN ENTRY--PERSONAL NAME | |
| Personal name | Reeves, Joseph. |
| 9 (RLIN) | 13698 |
| 245 12 - TITLE STATEMENT | |
| Title | A century of Rochdale co-operation, 1844-1944: |
| Remainder of title | a critical but sympathetic survey of a significant movement of the workers for economic emancipation / |
| Statement of responsibility, etc. | Joseph Reeves. |
| 260 ## - PUBLICATION, DISTRIBUTION, ETC. (IMPRINT) | |
| Place of publication, distribution, etc. | London, |
| Name of publisher, distributor, etc. | Lawrence & Wishart, |
| Date of publication, distribution, etc. | 1944. |
| 300 ## - PHYSICAL DESCRIPTION | |
| Pagination | vi, 202 p. : |
| Size | 18 cm. |
| 504 ## - BIBLIOGRAPHY, ETC. NOTE | |
| Bibliography, etc | Bibliography: p. 201-202. |
| 650 #0 - SUBJECT ADDED ENTRY--TOPICAL TERM | |
| Topical term or geographic name as entry element | Cooperation. |
| 9 (RLIN) | 13699 |
| Topical term or geographic name as entry element | Rochdale system. |
| 9 (RLIN) | 12186 |
| 942 ## - ADDED ENTRY ELEMENTS (KOHA) | |
| Source of classification or shelving scheme | Dewey Decimal Classification |
| Koha item type | Books |
| Lost status | Source of classification or shelving scheme | Damaged status | Not for loan | Collection code | Permanent Location | Current Location | Shelving location | Date acquired | Source of acquisition | Cost, normal purchase price | Total Checkouts | Full call number | Date last seen | Copy number | Koha item type |
|---|---|---|---|---|---|---|---|---|---|---|---|---|---|---|---|
| Dewey Decimal Classification | Not For Loan | Non-fiction | Central Library, University of Rajshahi | Central Library, University of Rajshahi | Reading Room | 11/10/1963 | A. I. Qurish | 10.60 | 334 REC 1944 | 22/12/2013 | C-1 | Books |